00731nam a22001937a 4500003000400000008004100004020001800045082001700063245007100080260006300151300001100214650003900225650003100264650003200295700001400327942001200341999001700353952016700370OSt260626b |||||||| |||| 00| 0 eng d a9789391734800 a631.58bT36P aPrecision Farming and Protected Cultivation/by U.Thapa...[et al.] aDelhi : bToday & Tomorrow Printers and Publishers,c2024. a339 p. aAgriculture & Related Technologies aCultivation and harvesting aSpecial cultivation methods aThapa, U. 2ddccBK c52348d52348 00102ddc4070aRAUbRAUcGENd2026-06-26eToday & Tomorrow Printers and Publishers g1595.00o631.58 T36Pp87571r2026-06-26w2026-01-29yBKkBill No. IN-00449